000 01330nam a22002297a 4500
003 OSt
005 20240919142505.0
008 240919b ||||| |||| 00| 0 spa d
040 _cCO-Mq BPB
041 _aspa
082 _aJN
_bCOLe
100 _aColastica, Roland
_eAutor
245 _aEstallidos en mi cabeza
264 _aBogota:
_bCarvajal Soluciones Educativas
_c2016
300 _a216 páginas
_bTapa rustica
_c21 cm
521 _aJurcell, un joven que tiene una posición social reconocida y admirada, pues su padre es un apreciado y rico futbolista. En distintos ámbitos de la vida del joven surgen conflictos: en el núcleo familiar sobreviene el distanciamiento de sus padres, mientras que en el ambiente escolar surge la rivalidad y celos hacia un compañero de aula y deporte: Gerrit. Estas situaciones lo llevan a involucrarse y delinquir con una pandilla llamada Black Cobras. A lo largo de la historia, Jurcell vive una iniciación importante, no como pandillero, sino respecto a la amistad verdadera, pues se da cuenta de que Gerrit, a quien en realidad no consideraba su amigo y tenía catalogado de pedante e inclusive racista, resulta ser un verdadero amigo.
650 _aRacismo
650 _aNovela juvenil
650 _aFamilia
700 _aGómez, Jael Stella
_eEditora ll
942 _2ddc
_cBKLIT
999 _c15687
_d15687